Phân tích thành phần chính, phân tích nhân tố và ứng dụng

Kiến thức chuẩn bị. Phân tích thành phần chính, phân tích nhân tố và ứng dụng

Spremljeno u:
Bibliografski detalji
Glavni autor: Nguyễn Thị Huyền My
Daljnji autori: Lê Văn Dũng TS. (Hướng dẫn)
Format: Knjiga
Izdano: Đà Nẵng Đại học Đà Nẵng 2016
Teme:
Oznake: Dodaj oznaku
Bez oznaka, Budi prvi tko označuje ovaj zapis!
Thư viện lưu trữ: Mạng thư viện Đại học Đà Nẵng
LEADER 01595nam a2200361 4500
001 000024364
003 20852
005 20161222161232.0
008 161205s2016 sd
082 1 4 |a 519.5  |b NG-M 
100 1 |a Nguyễn Thị Huyền My 
245 1 0 |a Phân tích thành phần chính, phân tích nhân tố và ứng dụng  |c Nguyễn Thị Huyền My ; Lê Văn Dũng hướng dẫn  |k Luận văn tốt nghiệp 
260 |a Đà Nẵng  |b Đại học Đà Nẵng  |c 2016 
300 |a 73 tr. ; phụ lục 13 tr.  |c 29 cm.  |e Tóm tắt 
500 |a Luận văn Thạc sĩ Khoa Học. Chuyên ngành : Phương pháp toán sơ cấp. Mã số: 60 46 01 13 
520 3 |a Kiến thức chuẩn bị. Phân tích thành phần chính, phân tích nhân tố và ứng dụng 
650 0 4 |a Phân tích thống kê (Ma trận - toán học)  |v Luận văn thạc sĩ  |x Ứng dụng 
653 |a Phân tích thành phần chính 
653 |a Phương pháp toán sơ cấp 
653 |a Phân tích nhân tố 
653 |a Ma trận 
653 |a Vectơ 
700 1 |a Lê Văn Dũng  |c TS.  |e Hướng dẫn 
OWN |a LSP 
AVA |a UDN50  |b LSP  |d 519.5 NG-M  |e available  |t Error 5001 Not defined in file expand_doc_bib_avail.  |f 1  |g 0  |h N  |i 0  |k 1 
999 |a From the UDN01 
AVA |a UDN50  |b LSP  |d 519.5 NG-M  |e available  |t Error 5001 Not defined in file expand_doc_bib_avail.  |f 1  |g 0  |h N  |i 0  |k 1 
TYP |a Monograph 
TYP |a Printed language 
980 |a Mạng thư viện Đại học Đà Nẵng